Drug abuse in East Asia

Bibliographic Details
Main Authors: Spencer, C.P (Author), Navaratnam, V. (Author)
Corporate Author: National Drug Dependence Research Centre (Malaysia)
Format: Book
Language:English
Published: Kuala Lumpur : Oxford University 1981
Subjects:

MARC

LEADER 00000cam a2200000 7i4500
001 0000000419
005 20240919.0
008 991123 my eng
020 |a 0195804767 
040 |a INS   |b eng   |e rda 
090 0 0 |a HV5840.A743   |b .S65 1981 
100 1 |a Spencer, C.P. ,   |e author 
245 1 0 |a Drug abuse in East Asia   |c C.P. Spencer, V. Navaratnam   |f prepared for the National Drug Dependence Research Centre, University of Science Malaysia, Penang 
264 1 |a Kuala Lumpur :   |b Oxford University   |c 1981 
300 |a 227 pages ;   |c 26 cm. 
336 |a text  |2 rdacontent 
337 |a unmediated  |2 rdamedia 
338 |a volume  |2 rdacarrier 
504 |a Includes bibliographical references and index 
650 0 0 |a Drug Abuse   |z East Asia 
700 0 |a Navaratnam, V. ,   |e author 
710 2 |a National Drug Dependence Research Centre (Malaysia) 
999 |a 0000001318   |b BOOK   |c Open Shelf   |e Default branch